000 00338nam a2200121 a 4500
005 20140311130135.0
008 020826s19uu xx 00 eng d
100 _aShakespeare, William
245 _aThe Merchant of Venice /
_cWilliam Shakespeare.
260 _aNew York :
_bWashington Square Press,
_c1957.
942 _cBK
999 _c35492
_d35492